[Event "VIII Festival A"]
[Site "Salsomaggiore Terme ITA"]
[Date "2004.05.15"]
[Round "3"]
[White "Castellano, Alfonso"]
[Black "Catalano, Luigi"]
[Result "1-0"]
[WhiteElo "1922"]
[BlackElo "1622"]
[PlyCount "73"]
[EventDate "2004.05.14"]

1. c4 e5 2. g3 c5 3. Bg2 Nc6 4. Nc3 Nf6 5. d3 h6 6. Nh3 Be7 7. O-O O-O 8. f4
exf4 9. Nxf4 d6 10. h3 Be6 11. Nfd5 a6 12. g4 Nb4 13. Nxf6+ Bxf6 14. Bxb7 Qc7
15. Bg2 Rad8 16. Bf4 Be5 17. Qd2 g5 18. Bxe5 dxe5 19. a3 Nc6 20. Ne4 f5 21.
gxf5 Bxf5 22. Nxg5 Nd4 23. Bd5+ Rxd5 24. cxd5 Qg7 25. Kh2 hxg5 26. Rg1 g4 27.
Raf1 Qh7 28. Rg3 Kh8 29. e4 Nf3+ 30. Rfxf3 gxf3 31. Rxf3 Qc7 32. Qh6+ Kg8 33.
Rg3+ Kf7 34. Rg7+ Ke8 35. Rxc7 Bd7 36. Qxf8+ Kxf8 37. Rxd7 1-0

[Event "VIII Festival A"]
[Site "Salsomaggiore Terme ITA"]
[Date "2004.05.15"]
[Round "3"]
[White "Cazzaniga, Walter"]
[Black "Bentivegna, Francesco"]
[Result "0-1"]
[WhiteElo "2080"]
[BlackElo "2258"]
[PlyCount "50"]
[EventDate "2004.05.14"]

1. d4 d5 2. c4 c6 3. Nf3 Nf6 4. Nc3 e6 5. Bg5 dxc4 6. e4 b5 7. e5 h6 8. Bh4 g5
9. Nxg5 hxg5 10. Bxg5 Nbd7 11. exf6 Bb7 12. g3 Qb6 13. Bg2 c5 14. d5 O-O-O 15.
O-O b4 16. Na4 Qb5 17. dxe6 Bxg2 18. Kxg2 Qc6+ 19. Qf3 Rxh2+ 20. Kxh2 Qxf3 21.
e7 Re8 22. exf8=Q Rxf8 23. Rae1 Rh8+ 24. Bh4 Nxf6 25. Nxc5 Rxh4+ 0-1

[Event "VIII Festival A"]
[Site "Salsomaggiore Terme ITA"]
[Date "2004.05.15"]
[Round "3"]
[White "Dallaglio, Giovanni"]
[Black "Cenci, Federico"]
[Result "1/2-1/2"]
[WhiteElo "2019"]
[BlackElo "1649"]
[PlyCount "36"]
[EventDate "2004.05.14"]

1. d4 d5 2. Nf3 Nf6 3. c4 c6 4. e3 Bf5 5. Bd3 Bxd3 6. Qxd3 e6 7. O-O Ne4 8. Nc3
f5 9. Nd2 Bd6 10. Ndxe4 fxe4 11. Qe2 O-O 12. f3 exf3 13. Rxf3 Rxf3 14. Qxf3
dxc4 15. e4 e5 16. d5 Nd7 17. dxc6 Qb6+ 18. Be3 Qxc6 1/2-1/2

[Event "VIII Festival A"]
[Site "Salsomaggiore Terme ITA"]
[Date "2004.05.15"]
[Round "3"]
[White "Di Paolo, Raffaele"]
[Black "Barletta, Mauro"]
[Result "1/2-1/2"]
[WhiteElo "2349"]
[BlackElo "2245"]
[PlyCount "60"]
[EventDate "2004.05.14"]

1. e4 e5 2. Nf3 Nf6 3. Nxe5 d6 4. Nf3 Nxe4 5. d4 d5 6. Bd3 Bd6 7. O-O O-O 8. c4
c6 9. cxd5 cxd5 10. Nc3 Re8 11. Re1 Nxc3 12. Rxe8+ Qxe8 13. bxc3 Bg4 14. Bd2
Qe7 15. h3 Bh5 16. Qe1 Qxe1+ 17. Nxe1 Nd7 18. Rb1 Nb6 19. f4 f6 20. g4 Bg6 21.
f5 Bf7 22. Kf2 Rc8 23. Nf3 g5 24. a4 Nxa4 25. Rxb7 Nxc3 26. Rxa7 Ne4+ 27. Ke2
Re8 28. Be3 Nc3+ 29. Kd2 Ne4+ 30. Ke2 Nc3+ 1/2-1/2

[Event "VIII Festival A"]
[Site "Salsomaggiore Terme ITA"]
[Date "2004.05.15"]
[Round "3"]
[White "Dvirnyy, Danyyil"]
[Black "Diotallevi, Maurizio"]
[Result "0-1"]
[WhiteElo "1868"]
[BlackElo "2099"]
[PlyCount "112"]
[EventDate "2004.05.14"]

1. e4 e6 2. d4 d5 3. e5 c5 4. c3 Nc6 5. Nf3 Bd7 6. a3 c4 7. g3 Na5 8. Nbd2 Ne7
9. Bh3 Ng6 10. O-O Be7 11. Ne1 f6 12. exf6 gxf6 13. f4 f5 14. Nef3 Qc7 15. Ng5
Bxg5 16. fxg5 O-O-O 17. Nf3 Nb3 18. Rb1 Nxc1 19. Qxc1 Rdg8 20. Qd2 Ba4 21. Rbe1
Re8 22. Ne5 Nxe5 23. Rxe5 Qg7 24. Rfe1 Bd7 25. Qf4 Rhg8 26. Bg2 Ref8 27. Qh4
Qxg5 28. Qh3 h5 29. Bf3 h4 30. Kf2 hxg3+ 31. hxg3 Rh8 32. Qg2 Rfg8 33. R1e2 Rh6
34. R5e3 Rhg6 35. Kf1 Qh6 36. Qh1 Qxh1+ 37. Bxh1 Rxg3 38. Rxg3 Rxg3 39. Kf2 Rg7
40. Ke3 Kc7 41. Kf4 Kd6 42. Bf3 Ba4 43. Rh2 Bb3 44. Rh8 Bc2 45. Rd8+ Kc7 46.
Re8 Rg6 47. Bh5 Rg2 48. Bf3 Rh2 49. Rxe6 Be4 50. Re7+ Kd6 51. Rxb7 Rf2 52. Rxa7
Rxf3+ 53. Kg5 Rg3+ 54. Kf4 Rg4+ 55. Ke3 f4+ 56. Kd2 Rg2+ 0-1

[Event "VIII Festival A"]
[Site "Salsomaggiore Terme ITA"]
[Date "2004.05.15"]
[Round "3"]
[White "Fattorelli, Luciano"]
[Black "Tomasi, Diego"]
[Result "1/2-1/2"]
[WhiteElo "2129"]
[BlackElo "2033"]
[PlyCount "103"]
[EventDate "2004.05.14"]

1. e4 d6 2. d4 Nf6 3. Nc3 g6 4. f3 c6 5. Be3 Bg7 6. Qd2 h6 7. O-O-O Qa5 8. Kb1
Na6 9. Nge2 Bd7 10. Nc1 O-O-O 11. Bc4 e6 12. Rhe1 Kb8 13. Qf2 d5 14. Bd3 Nb4
15. Bf4+ Ka8 16. Bf1 Rc8 17. Nb3 Qd8 18. e5 Nh5 19. Be3 Bf8 20. g4 Ng7 21. f4
h5 22. h3 Be7 23. Qf3 hxg4 24. hxg4 Rh7 25. a3 Na6 26. Bd3 Nb8 27. Rh1 Rxh1 28.
Rxh1 b6 29. Rh7 Qg8 30. Qh1 Nh5 31. Bxg6 Ng3 32. Bxf7 Nxh1 33. Bxg8 Rxg8 34. g5
Ng3 35. Rxe7 Nf5 36. Rxd7 Nxd7 37. Bc1 Nf8 38. Nd1 Rh8 39. Ne3 Nxe3 40. Bxe3
Rh3 41. Bd2 Rf3 42. Nc1 Ng6 43. Nd3 Ne7 44. Be1 Kb7 45. Kc1 Ng6 46. Kd1 Nxf4
47. Nxf4 Rxf4 48. c3 Rg4 49. Bd2 Kc7 50. Ke2 Rg2+ 51. Kf3 Rxd2 52. g6 1/2-1/2

[Event "VIII Festival A"]
[Site "Salsomaggiore Terme ITA"]
[Date "2004.05.15"]
[Round "3"]
[White "Ferretti, Folco"]
[Black "Miladinovic, Igor"]
[Result "0-1"]
[WhiteElo "2288"]
[BlackElo "2614"]
[PlyCount "60"]
[EventDate "2004.05.14"]

1. c4 Nc6 2. Nc3 e5 3. Nf3 g6 4. d4 exd4 5. Nxd4 Bg7 6. Nc2 d6 7. g3 Ne5 8. Ne3
Nh6 9. Bg2 O-O 10. O-O Nf5 11. Ncd5 c6 12. Nxf5 Bxf5 13. Ne3 Be6 14. Qc2 f5 15.
f4 Nd7 16. Rd1 Qb6 17. Rxd6 Rae8 18. Qd1 Nf6 19. Qb3 Qc5 20. Rd3 b5 21. Qa3 b4
22. Qb3 Ng4 23. h3 Nxe3 24. Bxe3 Qxc4 25. Qd1 Bxb2 26. Rb1 Bc3 27. Rd6 Bf7 28.
Rxc6 Qxa2 29. Bc5 Rxe2 30. Bf3 Rd2 0-1

[Event "VIII Festival A"]
[Site "Salsomaggiore Terme ITA"]
[Date "2004.05.15"]
[Round "3"]
[White "Ficco, Corrado"]
[Black "Bozuffi, Italo"]
[Result "1-0"]
[WhiteElo "2090"]
[BlackElo "1700"]
[PlyCount "103"]
[EventDate "2004.05.14"]

1. e4 Nc6 2. d4 e5 3. d5 Nce7 4. c4 Ng6 5. Nc3 Bc5 6. Nf3 Nf6 7. Be2 O-O 8. a3
a6 9. b4 Ba7 10. d6 cxd6 11. Qxd6 Bb8 12. Qd3 h6 13. O-O Nh5 14. Nd5 Nf6 15.
Rd1 Nxd5 16. Qxd5 Re8 17. c5 d6 18. cxd6 Be6 19. Qxb7 Ra7 20. Qc6 Bd7 21. Qc2
Re6 22. Be3 Ra8 23. Bc4 Rxd6 24. Qb3 Be6 25. Bxe6 fxe6 26. Qxe6+ Kh7 27. Rxd6
Qxd6 28. Qxd6 Bxd6 29. Rd1 Be7 30. Rd5 Bf6 31. Kf1 Ne7 32. Rc5 Ng6 33. g3 Kg8
34. Ke2 Kf7 35. Kd3 Ke6 36. Kc4 Nf8 37. a4 Nd7 38. Rc6+ Ke7 39. Bc5+ Kf7 40.
Bd6 Ke8 41. a5 Kd8 42. Nd2 Be7 43. Bc7+ Ke8 44. f3 Rc8 45. b5 axb5+ 46. Kxb5
Nb8 47. Bxb8 Rxb8+ 48. Rb6 Ra8 49. Nc4 Rc8 50. Rc6 Rb8+ 51. Nb6 Kd8 52. a6 1-0

[Event "VIII Festival A"]
[Site "Salsomaggiore Terme ITA"]
[Date "2004.05.15"]
[Round "3"]
[White "Giannetta, Paolo"]
[Black "Tamburini, Lorenzo"]
[Result "1/2-1/2"]
[WhiteElo "1805"]
[BlackElo "2084"]
[PlyCount "49"]
[EventDate "2004.05.14"]

1. d4 Nf6 2. c4 e6 3. g3 d5 4. Bg2 dxc4 5. Nf3 a6 6. O-O Nc6 7. Bg5 Be7 8. a4
Rb8 9. Na3 b5 10. axb5 axb5 11. Nxb5 Rxb5 12. Qa4 Rb4 13. Qxc6+ Bd7 14. Qa8
Rxb2 15. Qxd8+ Bxd8 16. Ne5 h6 17. Bxf6 gxf6 18. Nxd7 Kxd7 19. e3 c3 20. Ra3 c2
21. Rc3 Be7 22. Rc1 Rhb8 23. R3xc2 Rxc2 24. Rxc2 Rb1+ 25. Bf1 1/2-1/2

[Event "VIII Festival A"]
[Site "Salsomaggiore Terme ITA"]
[Date "2004.05.15"]
[Round "3"]
[White "Marson, Antonio"]
[Black "Scuderi, David"]
[Result "1/2-1/2"]
[WhiteElo "1673"]
[BlackElo "2059"]
[PlyCount "24"]
[EventDate "2004.05.14"]

1. d4 Nf6 2. Nf3 c5 3. c3 e6 4. Bf4 d5 5. e3 Nc6 6. Bd3 c4 7. Bc2 Bd6 8. Bxd6
Qxd6 9. O-O h6 10. Nbd2 O-O 11. e4 Qd8 12. e5 Nd7 1/2-1/2

[Event "VIII Festival A"]
[Site "Salsomaggiore Terme ITA"]
[Date "2004.05.15"]
[Round "3"]
[White "Molteni, Costantino"]
[Black "Foglia, Maurizio"]
[Result "1/2-1/2"]
[WhiteElo "1850"]
[BlackElo "2087"]
[PlyCount "60"]
[EventDate "2004.05.14"]

1. Nf3 Nf6 2. c4 Nc6 3. d4 d5 4. cxd5 Qxd5 5. Nc3 Qd6 6. e4 e5 7. d5 Nb8 8. Be2
a6 9. O-O Bg4 10. Be3 Nbd7 11. Rc1 Be7 12. Nd2 Bxe2 13. Qxe2 Bd8 14. Na4 O-O
15. Nc5 Rb8 16. Nc4 Qe7 17. Na5 c6 18. Naxb7 cxd5 19. exd5 Nxd5 20. Nxd7 Nxe3
21. Nxb8 Nxf1 22. Nc6 Qxb7 23. Nxd8 Rxd8 24. Kxf1 e4 25. Rc4 f5 26. Qc2 Qb5 27.
a4 Qe5 28. Rc8 Rxc8 29. Qxc8+ Kf7 30. Qb7+ Kf8 1/2-1/2

[Event "VIII Festival A"]
[Site "Salsomaggiore Terme ITA"]
[Date "2004.05.15"]
[Round "3"]
[White "Mrdja, Milan"]
[Black "Gromovs, Sergejs"]
[Result "0-1"]
[WhiteElo "2405"]
[BlackElo "2291"]
[PlyCount "57"]
[EventDate "2004.05.14"]

1. e4 c5 2. Nf3 d6 3. d4 cxd4 4. Nxd4 Nf6 5. Nc3 a6 6. Be3 e5 7. Nb3 Be7 8. f3
Be6 9. Qd2 O-O 10. O-O-O b5 11. g4 Nbd7 12. g5 Nh5 13. Nd5 Bxd5 14. exd5 Nf4
15. h4 Nh5 16. Rg1 Qc7 17. Na5 Nb8 18. Kb1 Bd8 19. b4 Qd7 20. Nb3 g6 21. Bd3
Qb7 22. f4 Nd7 23. f5 Bb6 24. Rg4 Rac8 25. Rc1 Bxe3 26. Qxe3 Nb6 27. Na5 Nxd5
28. Qe1 Qd7 29. Rg1 {...} 0-1

[Event "VIII Festival A"]
[Site "Salsomaggiore Terme ITA"]
[Date "2004.05.15"]
[Round "3"]
[White "Opacic, Alexandar"]
[Black "Capurro, Giuliano"]
[Result "1/2-1/2"]
[WhiteElo "2134"]
[BlackElo "2067"]
[PlyCount "196"]
[EventDate "2004.05.14"]

1. e4 d6 2. d4 g6 3. Nc3 Bg7 4. Be3 Nf6 5. f3 O-O 6. Qd2 e5 7. dxe5 dxe5 8.
Qxd8 Rxd8 9. Bc4 c6 10. Nge2 b5 11. Bb3 Be6 12. Bxe6 fxe6 13. O-O Nbd7 14. Rfd1
Nb6 15. b3 Kf7 16. Rxd8 Rxd8 17. a4 b4 18. a5 bxc3 19. axb6 axb6 20. Nxc3 b5
21. Kf2 Rd7 22. Ke2 Bf8 23. Ra6 Rc7 24. Bb6 Rd7 25. Bf2 Rc7 26. Bh4 Nd7 27. Ra8
Bc5 28. Bf2 Be7 29. Nd1 c5 30. Ra5 Rb7 31. Nc3 b4 32. Na4 Rc7 33. Nb2 Nb6 34.
Nd3 Nd7 35. Bg3 Bf6 36. Nb2 Nb6 37. Rb5 c4 38. Rxb4 cxb3 39. c4 Rc6 40. Bf2 Bd8
41. c5 Nd7 42. Nd3 Ra6 43. Rxb3 Ra2+ 44. Rb2 Rxb2+ 45. Nxb2 Nb8 46. Kd3 Nc6 47.
Kc4 Ke8 48. Na4 Kd7 49. Nb6+ Kc7 50. Bg3 Bf6 51. Bf2 Be7 52. Na4 Nd8 53. Nb2
Nc6 54. Nd3 Bf6 55. Bg3 g5 56. Bf2 Kd7 57. Be3 Be7 58. Kb3 Kc7 59. Nb4 Nxb4 60.
Kxb4 Kc6 61. Kc4 Bf6 62. Bf2 Be7 63. g3 h5 64. h3 Bf6 65. Be3 Be7 66. f4 exf4
67. gxf4 gxf4 68. Bxf4 Bxc5 69. Kd3 Kd7 70. Bg5 Ke8 71. Kc4 Ba3 72. Kd4 Bb2+
73. Kc5 Ba3+ 74. Kc6 Kf7 75. Kd7 Bb2 76. Bd8 Be5 77. Ba5 Bb2 78. Kd6 Ba3+ 79.
Kd7 Bb2 80. Bd8 Bc3 81. Kd6 Bb4+ 82. Ke5 Bd2 83. Bh4 Bc1 84. Bg3 Bb2+ 85. Kd6
Ba3+ 86. Kd7 Bb4 87. Bh4 Ba3 88. Kc6 Bb2 89. Kc5 Be5 90. Bd8 Bb2 91. Kc4 Be5
92. Kd3 Kg6 93. Ke3 Bb2 94. Kf4 Bc3 95. Bh4 Bb2 96. Be1 Bd4 97. Bb4 Bb2 98. Bd6
98... Bc3 {...} 1/2-1/2

[Event "VIII Festival A"]
[Site "Salsomaggiore Terme ITA"]
[Date "2004.05.15"]
[Round "3"]
[White "Pegoraro, Nicola"]
[Black "Gilardone, Adriano"]
[Result "1/2-1/2"]
[WhiteElo "2066"]
[BlackElo "1931"]
[PlyCount "68"]
[EventDate "2004.05.14"]

1. e4 e5 2. Nf3 d5 3. d4 dxe4 4. Nxe5 Bd6 5. Nc3 Bxe5 6. dxe5 Qxd1+ 7. Kxd1 Bf5
8. Nd5 Na6 9. Bd2 O-O-O 10. Ne3 Bg6 11. Bxa6 bxa6 12. Ke2 Ne7 13. Bc3 Nc6 14.
Rad1 Rxd1 15. Rxd1 Re8 16. Rd5 Re6 17. Rc5 Ne7 18. Nd5 Nxd5 19. Rxd5 Re7 20.
Ke3 Kb7 21. Rd8 Bf5 22. Kf4 Rd7 23. Rg8 g6 24. g4 Be6 25. Rh8 Rd1 26. Rxh7 Rc1
27. Kxe4 Rxc2 28. f4 Bxa2 29. f5 gxf5+ 30. gxf5 Rf2 31. e6 fxe6 32. f6 Bb1+ 33.
Ke3 Rxf6 34. Rxc7+ Kxc7 1/2-1/2

[Event "VIII Festival A"]
[Site "Salsomaggiore Terme ITA"]
[Date "2004.05.15"]
[Round "3"]
[White "Peric, Slavisa"]
[Black "Mussap, Angelo"]
[Result "1-0"]
[WhiteElo "2246"]
[BlackElo "1904"]
[PlyCount "65"]
[EventDate "2004.05.14"]

1. d4 d5 2. Nf3 Nf6 3. e3 g6 4. c4 c6 5. Nc3 Bg7 6. Qb3 e6 7. Bd2 Nbd7 8. cxd5
exd5 9. Bd3 O-O 10. O-O Bh6 11. Qc2 Re8 12. b4 Qe7 13. b5 Ne4 14. bxc6 bxc6 15.
Na4 c5 16. dxc5 Ndxc5 17. Nxc5 Nxc5 18. Bb4 Bf8 19. Rac1 Bg4 20. Bxc5 Qf6 21.
Bxf8 Bxf3 22. gxf3 Kxf8 23. Qc5+ Kg8 24. f4 Rad8 25. Qd4 Qh4 26. f3 Re7 27. Kh1
Rde8 28. f5 Qh5 29. e4 dxe4 30. Bxe4 Re5 31. Rc7 Qh4 32. fxg6 hxg6 33. Rxf7 1-0

[Event "VIII Festival A"]
[Site "Salsomaggiore Terme ITA"]
[Date "2004.05.15"]
[Round "3"]
[White "Pipitone, Antonio"]
[Black "Traversi, Carlo"]
[Result "1-0"]
[WhiteElo "2028"]
[BlackElo "1828"]
[PlyCount "79"]
[EventDate "2004.05.14"]

1. e4 Nc6 2. d4 e5 3. Nf3 exd4 4. Nxd4 Bc5 5. Nf5 Qf6 6. Nc3 Nge7 7. Ne3 O-O 8.
Bd3 d6 9. O-O a6 10. Ned5 Nxd5 11. Nxd5 Qd8 12. Be3 Bxe3 13. Nxe3 Ne5 14. f4
Nxd3 15. cxd3 c6 16. Qd2 f5 17. Rad1 Qb6 18. Kh1 Be6 19. b3 Rad8 20. h3 Qd4 21.
Nc2 Qf6 22. Qe3 c5 23. e5 Qe7 24. d4 b6 25. d5 Bd7 26. e6 Bb5 27. Rf3 Rf6 28.
Rg3 Be8 29. Qd3 b5 30. Ne3 Bg6 31. Re1 Re8 32. Rg5 Qf8 33. Kh2 h6 34. Rxg6 Rxg6
35. Nxf5 Rf6 36. g4 g6 37. e7 Rxe7 38. Nxe7+ Kg7 39. f5 gxf5 40. Nxf5+ 1-0

[Event "VIII Festival A"]
[Site "Salsomaggiore Terme ITA"]
[Date "2004.05.15"]
[Round "3"]
[White "Salati, Paolo"]
[Black "Napoli, Nicolo'"]
[Result "0-1"]
[WhiteElo "1959"]
[BlackElo "2127"]
[PlyCount "84"]
[EventDate "2004.05.14"]

1. e4 g6 2. d4 Bg7 3. Nf3 d6 4. Nc3 c6 5. Be2 Nf6 6. O-O O-O 7. h3 Nbd7 8. Bg5
Qc7 9. Re1 b5 10. a3 Bb7 11. Qd2 a6 12. Bd3 e5 13. Rad1 Qb6 14. dxe5 Nxe5 15.
Nxe5 dxe5 16. Qe3 Qc7 17. Qf3 Nd7 18. Qe3 f5 19. exf5 gxf5 20. Qg3 Nb6 21. Bh6
Rae8 22. Be2 Kh8 23. Qxg7+ Qxg7 24. Bxg7+ Kxg7 25. Rd6 Rf6 26. Red1 Re7 27. Kf1
Nd5 28. Rxf6 Kxf6 29. Nxd5+ cxd5 30. g3 Bc6 31. c3 Rg7 32. c4 d4 33. c5 Bd5 34.
b4 Ke6 35. Ke1 Bb3 36. Rd3 Bc4 37. Rd1 Kd5 38. Bf3+ e4 39. Bg2 f4 40. g4 f3 41.
Bf1 a5 42. Ra1 Ra7 0-1

[Event "VIII Festival A"]
[Site "Salsomaggiore Terme ITA"]
[Date "2004.05.15"]
[Round "3"]
[White "Terbonati, Paolo"]
[Black "Aceto, Lorenzo"]
[Result "0-1"]
[WhiteElo "1925"]
[BlackElo "2020"]
[PlyCount "80"]
[EventDate "2004.05.14"]

1. c4 Nf6 2. Nc3 g6 3. g3 Bg7 4. Bg2 O-O 5. d3 d6 6. e4 c6 7. Nge2 Nbd7 8. O-O
e5 9. f4 a5 10. h3 exf4 11. Nxf4 Ne5 12. Be3 h6 13. Rb1 g5 14. Nh5 Nxh5 15.
Qxh5 Nxd3 16. Rfd1 Nxb2 17. Rxb2 Bxc3 18. Rc2 Bg7 19. Bc5 dxc5 20. Rxd8 Rxd8
21. Qe2 Be5 22. Kh2 Be6 23. Bf3 Kg7 24. Kg2 a4 25. Bg4 Bxg4 26. hxg4 Rd4 27.
Rd2 Rad8 28. Rxd4 cxd4 29. Qd3 c5 30. Kf1 Rc8 31. Ke1 b5 32. Kd1 b4 33. Kc2 Rb8
34. Qf3 b3+ 35. axb3 axb3+ 36. Kb1 d3 37. Qf5 Bd4 38. e5 Rb6 39. Qxd3 b2 40.
Qf5 Ra6 0-1

[Event "VIII Festival A"]
[Site "Salsomaggiore Terme ITA"]
[Date "2004.05.15"]
[Round "3"]
[White "Winfridsson, Ola"]
[Black "Guastadini, Paolo"]
[Result "0-1"]
[WhiteElo "2057"]
[BlackElo "2130"]
[PlyCount "102"]
[EventDate "2004.05.14"]

1. d4 g6 2. c4 Bg7 3. Nf3 c5 4. Nc3 cxd4 5. Nxd4 Nc6 6. e3 Nf6 7. Be2 O-O 8.
O-O d6 9. b3 Nd7 10. Bb2 Nxd4 11. exd4 Qb6 12. Nd5 Qd8 13. Qd2 Nf6 14. Nxf6+
Bxf6 15. Bf3 Rb8 16. Rad1 e6 17. Ba3 Re8 18. Qf4 e5 19. dxe5 Bxe5 20. Qd2 Qh4
21. g3 Qf6 22. Bg2 Rd8 23. f4 Bc3 24. Qd5 Bg4 25. Bf3 Be6 26. Qg5 Qxg5 27. fxg5
Be5 28. Rfe1 b5 29. cxb5 Rxb5 30. Bc6 Rb6 31. Bd5 Re8 32. Bc5 Ra6 33. Bb7 Rxa2
34. Bxd6 Bxd6 35. Rxd6 Rb8 36. Ra6 Rxa6 37. Bxa6 Rxb3 38. Ra1 Bf5 39. Bc4 Rb1+
40. Rxb1 Bxb1 41. Ba6 h6 42. gxh6 Kh7 43. Kf2 Kxh6 44. Kf3 Kg5 45. h4+ Kf5 46.
g4+ Ke5 47. Bc8 a5 48. h5 gxh5 49. gxh5 a4 50. Ba6 a3 51. Bc4 a2 0-1

[Event "VIII Festival A"]
[Site "Salsomaggiore Terme ITA"]
[Date "2004.05.15"]
[Round "4"]
[White "Aceto, Lorenzo"]
[Black "Fattorelli, Luciano"]
[Result "1-0"]
[WhiteElo "2020"]
[BlackElo "2129"]
[PlyCount "41"]
[EventDate "2004.05.14"]

1. e4 d6 2. d4 Nf6 3. Nc3 c6 4. f4 Qa5 5. Bd3 e5 6. Nf3 Bg4 7. dxe5 dxe5 8. O-O
Nbd7 9. f5 Be7 10. a3 Rd8 11. h3 Qb6+ 12. Kh1 Bxf3 13. Qxf3 Nc5 14. Bc4 a5 15.
Be3 Qc7 16. a4 O-O 17. g4 Nfd7 18. Ba2 Kh8 19. g5 f6 20. g6 h6 21. Qh5 1-0

[Event "VIII Festival A"]
[Site "Salsomaggiore Terme ITA"]
[Date "2004.05.15"]
[Round "4"]
[White "Ambrosi, Arcangelo"]
[Black "Foglia, Maurizio"]
[Result "1/2-1/2"]
[WhiteElo "1975"]
[BlackElo "2087"]
[PlyCount "73"]
[EventDate "2004.05.14"]

1. b4 e5 2. Bb2 Bxb4 3. Bxe5 Nf6 4. c3 Be7 5. e3 Nc6 6. Bxf6 Bxf6 7. d4 d6 8.
Bd3 O-O 9. Nd2 d5 10. Qc2 g6 11. Ne2 Ne7 12. Ng3 b6 13. a4 c5 14. Qb2 c4 15.
Bc2 h5 16. e4 h4 17. Ne2 dxe4 18. Bxe4 Nd5 19. Nxc4 Re8 20. Bxd5 Qxd5 21. Ne3
Rxe3 22. fxe3 Qxg2 23. O-O-O Bf5 24. Qd2 Qc6 25. Rdf1 Be4 26. Rhg1 Qxa4 27. Qb2
Be7 28. Kd2 Qc4 29. Nc1 Qc6 30. Nd3 Bd6 31. Rg4 h3 32. Rf6 Bxd3 33. Kxd3 Qd7
34. Rg1 Re8 35. Rgf1 Qe7 36. Qf2 Qe4+ 37. Kd2 1/2-1/2

[Event "VIII Festival A"]
[Site "Salsomaggiore Terme ITA"]
[Date "2004.05.15"]
[Round "4"]
[White "Barletta, Mauro"]
[Black "Peric, Slavisa"]
[Result "1-0"]
[WhiteElo "2245"]
[BlackElo "2246"]
[PlyCount "93"]
[EventDate "2004.05.14"]

1. f4 d5 2. Nf3 g6 3. e3 Bg7 4. d4 Nh6 5. Bd3 c6 6. O-O Bf5 7. Bxf5 Nxf5 8. Ne5
Nd6 9. c3 O-O 10. Nd2 f6 11. Ng4 Nd7 12. Qf3 e5 13. Qh3 exf4 14. exf4 Nf5 15.
Nf3 Re8 16. Nh4 Nxh4 17. Qxh4 f5 18. Qxd8 Raxd8 19. Ne5 Bxe5 20. fxe5 Nf8 21.
Bg5 Rd7 22. b4 Ne6 23. Bf6 h6 24. h4 h5 25. g3 Kf7 26. Rf2 a5 27. bxa5 Ra8 28.
Rb2 Rxa5 29. Rb6 Ra7 30. Rab1 Rc7 31. a4 Ke8 32. a5 Kf7 33. Kg2 Nf8 34. Bd8 Rd7
35. Bg5 Ke6 36. a6 Rxa6 37. Rxb7 Rxb7 38. Rxb7 Nd7 39. Rc7 Rb6 40. Rc8 Kf7 41.
e6+ Kxe6 42. Re8+ Kf7 43. Re7+ Kg8 44. Rxd7 Rb3 45. Kf3 Rxc3+ 46. Kf4 Kf8 47.
Ke5 1-0

[Event "VIII Festival A"]
[Site "Salsomaggiore Terme ITA"]
[Date "2004.05.15"]
[Round "4"]
[White "Bartolozzi, Roberto"]
[Black "Opacic, Alexandar"]
[Result "1-0"]
[WhiteElo "2072"]
[BlackElo "2134"]
[PlyCount "83"]
[EventDate "2004.05.14"]

1. Nf3 Nf6 2. d4 d5 3. Bg5 c6 4. Nbd2 h6 5. Bf4 Nbd7 6. h3 Qb6 7. Qc1 g5 8. Bh2
Bg7 9. e3 c5 10. c3 Ne4 11. Nxe4 dxe4 12. Nd2 f5 13. Bc4 e5 14. Bb3 cxd4 15.
Nc4 Qa6 16. cxd4 f4 17. O-O exd4 18. exf4 b5 19. Nd2 Bb7 20. Qd1 Nf6 21. a4 Ke7
22. axb5 Qxb5 23. Nc4 Nd5 24. Ra5 Qb4 25. fxg5 Rhd8 26. Ra4 Qb5 27. gxh6 Bf6
28. Ne5 Nb6 29. Ng6+ Ke8 30. h7 Qg5 31. h8=Q+ Bxh8 32. Nxh8 e3 33. Bg3 Nxa4 34.
Nf7 Qg6 35. Nxd8 Rxd8 36. Bxa4+ Ke7 37. Bh4+ Kf8 38. Qg4 Qxg4 39. hxg4 e2 40.
Bxd8 d3 41. Bg5 Ba6 42. Re1 1-0

[Event "VIII Festival A"]
[Site "Salsomaggiore Terme ITA"]
[Date "2004.05.15"]
[Round "4"]
[White "Bentivegna, Francesco"]
[Black "Bocchicchio, Gaetano"]
[Result "1-0"]
[WhiteElo "2258"]
[BlackElo "2187"]
[PlyCount "69"]
[EventDate "2004.05.14"]

1. e4 c5 2. c3 d6 3. d4 Qc7 4. Nf3 Bg4 5. Be3 e6 6. Na3 Nd7 7. Qa4 Bxf3 8. gxf3
a6 9. dxc5 dxc5 10. O-O-O Rd8 11. Qb3 Ngf6 12. Rg1 b5 13. c4 b4 14. Nc2 Bd6 15.
Rxg7 Ke7 16. h4 h6 17. Ne1 a5 18. Qc2 a4 19. Nd3 e5 20. Be2 Nf8 21. Qd2 Ne6 22.
Bxh6 Nd4 23. Bg5 Rh5 24. f4 Rxg5 25. hxg5 Nxe4 26. Qe3 Nc3 27. bxc3 bxc3 28.
Bh5 Rf8 29. Nxe5 Qb6 30. Nxf7+ Ne6 31. Qxe6+ Kxe6 32. Rxd6+ Qxd6 33. Nxd6 Rxf4
34. Nb5 Ke5 35. Re7+ 1-0

[Event "VIII Festival A"]
[Site "Salsomaggiore Terme ITA"]
[Date "2004.05.15"]
[Round "4"]
[White "Bozuffi, Italo"]
[Black "Bardi, Massimo"]
[Result "0-1"]
[WhiteElo "1700"]
[BlackElo "1906"]
[PlyCount "60"]
[EventDate "2004.05.14"]

1. f4 f5 2. e4 fxe4 3. Qh5+ g6 4. Qe5 Nf6 5. d3 Nc6 6. Qc3 e5 7. Qd2 Bh6 8. g3
d5 9. c3 exf4 10. dxe4 Nxe4 11. Qe2 f3 12. Nxf3 Bxc1 13. Nbd2 Bxd2+ 14. Nxd2
O-O 15. Nxe4 dxe4 16. Qc4+ Kg7 17. Rd1 Qe7 18. Be2 Bh3 19. Kd2 Bg2 20. Rhe1
Rad8+ 21. Kc1 Rxd1+ 22. Rxd1 Bf3 23. Re1 Qg5+ 24. Kc2 Rd8 25. Rd1 Rxd1 26. Bxd1
Qf5 27. Bxf3 exf3+ 28. Kd2 f2 29. Qf1 Qf3 30. Kc2 Ne5 0-1

[Event "VIII Festival A"]
[Site "Salsomaggiore Terme ITA"]
[Date "2004.05.15"]
[Round "4"]
[White "Capurro, Giuliano"]
[Black "Ferretti, Folco"]
[Result "1/2-1/2"]
[WhiteElo "2067"]
[BlackElo "2288"]
[PlyCount "82"]
[EventDate "2004.05.14"]

1. e4 e5 2. Nf3 Nc6 3. Bc4 Nf6 4. Ng5 d5 5. exd5 Nd4 6. c3 b5 7. cxd4 bxc4 8.
Qa4+ Qd7 9. Qxd7+ Nxd7 10. O-O Be7 11. Nf3 exd4 12. Nxd4 O-O 13. Nc3 Bb7 14.
Nc6 Bc5 15. b4 cxb3 16. axb3 Bxc6 17. dxc6 Ne5 18. Ba3 Bxa3 19. Rxa3 Nxc6 20.
Nd5 Rad8 21. Nxc7 Rxd2 22. h3 Rd7 23. Nb5 Rb8 24. Rc1 Rxb5 25. Rxc6 g6 26. Rca6
Rd1+ 27. Kh2 Rd2 28. Ra2 Rxa2 29. Rxa2 a5 30. Ra4 Kf8 31. Kg1 Ke7 32. Kf1 Kd6
33. Ke2 Kc6 34. g3 Kb6 35. Ra3 Rc5 36. Kd2 Kb5 37. Ra4 Rd5+ 38. Ke2 h5 39. h4
f6 40. f4 f5 41. Rc4 Rd6 1/2-1/2

[Event "VIII Festival A"]
[Site "Salsomaggiore Terme ITA"]
[Date "2004.05.15"]
[Round "4"]
[White "Catalano, Luigi"]
[Black "Bocci, Alessandro"]
[Result "1/2-1/2"]
[WhiteElo "1622"]
[BlackElo "1781"]
[PlyCount "105"]
[EventDate "2004.05.14"]

1. e4 d5 2. exd5 Qxd5 3. Nc3 Qa5 4. Nf3 Nf6 5. h3 c6 6. Bc4 Bf5 7. O-O e6 8. d3
Bb4 9. Bd2 Nbd7 10. a3 Bxc3 11. Bxc3 Qc7 12. Re1 O-O 13. Ne5 Nd5 14. Bxd5 cxd5
15. g4 Bg6 16. Qe2 Rac8 17. Qe3 Nxe5 18. Qxe5 Qxe5 19. Rxe5 d4 20. Bxd4 Rxc2
21. Rb5 b6 22. Rd1 Rd8 23. Be3 Rxd3 24. Rxd3 Bxd3 25. Rb4 Bg6 26. Rd4 h5 27.
Rd8+ Kh7 28. Rd7 Rxb2 29. Rxa7 b5 30. gxh5 Bxh5 31. Kg2 Kg6 32. Ra5 Be2 33. Ra7
Ra2 34. Bc5 Rd2 35. h4 Bd1 36. Rb7 Ba4 37. Bb4 Rd5 38. Rc7 Rd4 39. Kg3 Rc4 40.
Rd7 Rc8 41. h5+ Kxh5 42. Rxf7 Kg6 43. Rb7 Kf6 44. Rd7 g6 45. Rd4 Rc4 46. Rd7 e5
47. Rd6+ Kf5 48. Rd8 Rc6 49. f3 Bc2 50. Rd5 Ba4 51. f4 Re6 52. Bc3 Ke4 53.
Rxe5+ 1/2-1/2